000 00398nam a2200157Ia 4500
008 210719s1978 xx 000 0 und d
041 _aeng
082 _a536.7K LEWU
100 _aLEWIS (G N) & RANDALL (Em)
245 _aVushnabalakriyashastra.
260 _aDharavada
_bKarnataka Vishvavidyalaya
_c1978
300 _axx,929
_bHB
365 _b80
_cRs
650 _aHeat
906 _aVushnabala
999 _c212914
_d212914